000 00503nam a2200157 a 4500
001 000018188
005 20200929165407.0
008 760405s1968 sp 000 0 spa d
040 _aDO-SdBNP
_bspa
_cBNPHU
082 _axxx
_bA634n, 1968
245 0 0 _aAntología de novelas de anticipación :
_bciencia-ficción espanola /
_cselección de Ana María Perales.
250 _a2a ed.
260 _aBarcelona :
_bEdiciones Acervo,
_c1968.
300 _a418 p. ;
_c20 cm.
700 1 _aPerales, Ana María
_939396
999 _c17709
_d17709